Draw the Coast of the Mediterranean on the Map - Statistics

General Stats
  • This quiz has been taken 38,441 times
    37,972 since last reset
  • The average score is 20 of 29
Answers on the Map
Answers color-coded by a green-red scale on the quiz's map according to % correct below.
 
Answer Stats
Country % Correct
Spain
100%
United Kingdom (Gibraltar)
76%
France
73%
Italy
73%
Monaco
72%
Bosnia and Herzegovina
71%
Croatia
71%
Slovenia
71%
Spain
71%
France
70%
Greece
70%
Turkey
70%
Albania
69%
Israel
69%
Montenegro
69%
Egypt
68%
Lebanon
68%
Syria
68%
Algeria
67%
Croatia (Dubrovnik)
67%
Libya
67%
Tunisia
67%
Morocco
66%
Spain (Melilla)
64%
Morocco
63%
Morocco
62%
Morocco
62%
Spain (Peñón de Vélez de la Gomera)
62%
Spain (Ceuta)
61%
No matching quizzes found
Score Distribution
Percent of People with Each Score
Percentile by Number Answered
Your Score History
You have not taken this quiz since the last reset